Statistiken für Berühmte Militärs nach Bild und Nation - 8

Klicken Sie hier um das Quiz zu spielen!

Allgemein

  • Dieses Quiz wurde 24 mal gespielt
  • Das Durchschnittsergebnis liegt bei 3 aus 8

Antwortstatistiken

Antwort% Korrekt
Karl der Große
89%
Arminius
84%
George Custer
63%
Geronimo
58%
Chlodwig
16%
Publius Varus
16%
Sven Gabelbart
11%
Widukind
11%

Verteilung der Resultate

Perzentil nach korrekt beantworteten Fragen

Anzahl Personen mit jedem Resultat

Ihre Resultats-Entwicklung

Sie haben dieses Quiz noch nicht gespielt